书目信息 |
| 题名: |
环境经济学
|
|
| 作者: | 李克国 主编 | |
| 分册: | ||
| 出版信息: | 北京 中国环境科学出版社 2003.03 |
|
| 页数: | 331页 | |
| 开本: | 26cm | |
| 丛书名: | ||
| 单 册: | ||
| 中图分类: | X196 | |
| 科图分类: | ||
| 主题词: | 环境经济学 | |
| 电子资源: | ||
| ISBN: | 7-80163-522-1 | |
| 000 | 00539nam0 2200193 45 | |
| 001 | 0459045720 | |
| 005 | 20201028090836.84 | |
| 010 | @a7-80163-522-1@dCNY 35.00 | |
| 100 | @a20040429d2003 km y0chiy0120 ea | |
| 101 | 0 | @achi |
| 102 | @aCN@b110000 | |
| 200 | 1 | @a环境经济学@AHuan Jing Jing Ji Xue@f李克国等主编@FLi Ke Guo Deng Zhu Bian |
| 210 | @a北京@c中国环境科学出版社@d2003.03 | |
| 215 | @a331页@d26cm | |
| 606 | 0 | @a环境经济学 |
| 690 | @aX196@v3 | |
| 701 | 0 | @a李克国@ALi Ke Guo@4主编 |
| 801 | 0 | @aCN@bPFT@c20201028 |
| 905 | @dX196@eL191 | |
| 环境经济学/李克国等主编.-北京:中国环境科学出版社,2003.03 |
| 331页;26cm |
| ISBN 7-80163-522-1:CNY 35.00 |
| ● |
| 相关链接 |
|
|
|
正题名:环境经济学
索取号:X196/L191
 
预约/预借
| 序号 | 登录号 | 条形码 | 馆藏地/架位号 | 状态 | 备注 |
| 1 | 1499497 | 214994979 | 自科库501/501自科库 63排7列4层/ [索取号:X196/L191] | 在馆 | |
| 2 | 379699 | 203796990 | 自科二线504/501自科库 63排7列4层/ [索取号:X196/L191] | 在馆 | |
| 3 | 379700 | 203797007 | 自科库501/501自科库 63排7列4层/ [索取号:X196/L191] | 在馆 | |
| 4 | 379701 | 203797016 | 自科库501/501自科库 63排7列4层/ [索取号:X196/L191] | 在馆 |